000 00880cam a2200205 i 4500
005 20251204095413.0
008 250721s2015 sy gr 000 0 ara d
082 1 4 _a214.5
_bم ر ع
100 1 _aمرعي، أسامة حامد.
_eمؤلف.
245 1 0 _aعين المسيح الدجال بين اللغز و الحقيقة :
_bالعين الصناعية المفاجأة العلمية المذهلة في حل لغز عين المسيح الدجال /
_cتاليف اسامة حامد مرعي.
250 _aالطبعة الاولى.
264 3 1 _aدمشق :
_bدار الكتاب العربي،
_c2015.
300 _a296 صفحة.
650 1 7 _aاليوم الآخر.
650 1 7 _aالعقيدة الدينية.
653 _aالمسيح الدجال
700 1 _aعبد الحكيم، منصور.
_eمراجع.
942 _2ddc
_cBK
999 _c134934
_d134934